00660 2200253 4500001002100000005001700021008004100038035002400079082000800103090001500111100002600126245007500152250001500227260002600242300002400268500003000292500001100322650001400333850001500347980001300362985000600375986001000381999001500391YOGYA-0209000001046720090227022037.0 ind  0010-020900000010467 a321 a321bPur S aPURBOPRANOTO, Kuncoro aSedikit tentang sistem pemerintahan demokrasicKoentjoro Poerbopranoto aEd.1,cet.4 aBandungbEnescoc1987 axiv, 162 hlmc21 cm aBibliografi : hlm.157-162 aIndeks aDemokrasi aYOPDYOG(B) a15-07-05 a1 artrev aP000031756